000 00626nam a2200181Ia 4500
008 230921s9999||||xx |||||||||||||| ||und||
020 _a978-3-030-12723-7
022 _a2509-9582
041 _aEN
100 _aMehdi Saqalli, Marc Vander Linden
245 0 _aIntegrating Qualitative and Social Science Factors in Archaeological Modelling
250 _a1st ed. 2019
260 _c2019
_bSpringer International Publishing
440 _aComputational Social Sciences
856 _uhttps://doi.org/10.1007/978-3-030-12723-7
856 _uhttps://link.springer.com/openurl?genre=book&isbn=978-3-030-12723-7
942 _cEB
999 _c260705
_d260705